| 000 | 00382nam a2200145Ia 4500 | ||
|---|---|---|---|
| 008 | 211109s9999||||xx |||||||||||||| ||und|| | ||
| 082 |
_a891.432 _bVID-R |
||
| 100 | _aVidyalankar, Chadragupta | ||
| 245 | 0 | _aReva | |
| 260 |
_bRaghal And Sons _aDelhi _c1959 |
||
| 300 | _a166p. | ||
| 630 | _xGeneral Stack | ||
| 650 |
_ahindi literature _vhindi dramasplays _xGeneralia |
||
| 942 | _cBOOK | ||
| 999 |
_c19152 _d19152 |
||